Les meilleurs gardiens de buts du monde - Statistiques

Statistiques générales
  • Ce quiz a été pris 816 fois
  • Le résultat moyen est 16 sur 30
Statistiques - réponses
Année Gardien % Correct
2013 Manuel NEUER
90%
2014 Manuel NEUER
90%
2015 Manuel NEUER
90%
2016 Manuel NEUER
90%
2003 Gianluigi BUFFON
88%
2004 Gianluigi BUFFON
88%
2006 Gianluigi BUFFON
88%
2007 Gianluigi BUFFON
88%
2008 Iker CASILLAS
84%
2009 Iker CASILLAS
84%
2010 Iker CASILLAS
84%
2011 Iker CASILLAS
84%
2012 Iker CASILLAS
84%
2000 Fabien BARTHEZ
75%
1999 Oliver KAHN
56%
2001 Oliver KAHN
56%
2002 Oliver KAHN
56%
1992 Peter SCHMEICHEL
35%
1993 Peter SCHMEICHEL
35%
2005 Petr ČECH
34%
1995 José Luis CHILAVERT
11%
1997 José Luis CHILAVERT
11%
1998 José Luis CHILAVERT
11%
1994 Michel PREUD'HOMME
10%
1996 Andreas KOPKE
7%
1987 Jean-Marie PFAFF
6%
1989 Walter ZENGA
5%
1990 Walter ZENGA
5%
1991 Walter ZENGA
5%
1988 Rinat DASAEV
3%
Aucun quiz correspondant
Distribution des résultats
% des personnes avec chaque résultat
Percentile par nombre de réponses
Votre historique - résultats
Vous n’avez pas pris ce quiz